Все клубы английских лиг от АПЛ до Лиги 2 2024/25 - Statistics

General Stats
  • This quiz has been taken 126 times
  • The average score is 34 of 92
Answer Stats
Номер Лига Ответ % Correct
1 АПЛ Манчестер Сити
100%
8 АПЛ Манчестер Юнайтед
100%
2 АПЛ Арсенал
98%
3 АПЛ Ливерпуль
98%
6 АПЛ Челси
96%
5 АПЛ Тоттенхэм Хотспур
89%
4 АПЛ Астон Вилла
84%
15 АПЛ Эвертон
83%
18 АПЛ Лестер Сити
83%
7 АПЛ Ньюкасл Юнайтед
82%
17 АПЛ Ноттингем Форест
81%
11 АПЛ Брайтон энд Хоув Альбион
77%
14 АПЛ Вулверхэмптон Уондерерс
77%
9 АПЛ Вест Хэм Юнайтед
73%
20 АПЛ Саутгемптон
73%
4 Чемпионшип Лидс Юнайтед
70%
3 Чемпионшип Шеффилд Юнайтед
69%
20 Чемпионшип Шеффилд Уэнсдей
69%
16 Чемпионшип Сандерленд
64%
1 Чемпионшип Лутон Таун
61%
10 АПЛ Кристал Пэлас
60%
12 АПЛ Борнмут
60%
13 АПЛ Фулхэм
60%
6 Чемпионшип Норвич Сити
60%
16 АПЛ Брентфорд
58%
19 АПЛ Ипсвич Таун
58%
2 Чемпионшип Бернли
58%
12 Чемпионшип Кардифф Сити
53%
14 Чемпионшип Суонси Сити
52%
23 Чемпионшип Дерби Каунти
52%
1 Лига 1 Бирмингем Сити
49%
4 Лига 1 Болтон Уондерерс
48%
8 Чемпионшип Мидлсбро
46%
22 Чемпионшип Портсмут
45%
9 Чемпионшип Ковентри Сити
43%
18 Чемпионшип Куинз Парк Рейнджерс
43%
5 Чемпионшип Вест Бромвич Альбион
41%
17 Чемпионшип Сток Сити
41%
19 Чемпионшип Блэкберн Роверс
40%
15 Чемпионшип Уотфорд
37%
24 Чемпионшип Оксфорд Юнайтед
36%
7 Чемпионшип Халл Сити
35%
16 Лига 1 Чарльтон Атлетик
34%
2 Лига 1 Хаддерсфилд Таун
31%
17 Лига 1 Рединг
31%
6 Лига 1 Барнсли
30%
12 Лига 1 Уиган Атлетик
30%
11 Чемпионшип Бристоль Сити
29%
8 Лига 1 Блэкпул
29%
15 Лига 1 Бристоль Роверс
29%
13 Чемпионшип Миллуолл
28%
21 Чемпионшип Плимут Аргайл
25%
22 Лига 1 Рексхэм
24%
10 Лига 2 Уимблдон
24%
10 Чемпионшип Престон Норт Энд
22%
18 Лига 2 Ньюпорт Каунти
18%
23 Лига 2 Честерфилд
16%
18 Лига 1 Кембридж Юнайтед
14%
21 Лига 2 Гримсби Таун
14%
3 Лига 1 Ротерхэм Юнайтед
13%
5 Лига 1 Питерборо Юнайтед
13%
11 Лига 1 Лейтон Ориент
13%
6 Лига 2 Донкастер Роверс
13%
14 Лига 2 Ноттс Каунти
13%
20 Лига 2 Солфорд Сити
13%
5 Лига 2 МК Донс
12%
9 Лига 2 Брэдфорд Сити
12%
17 Лига 2 Аккрингтон Стэнли
12%
7 Лига 1 Линкольн Сити
11%
19 Лига 1 Шрусбери Таун
11%
19 Лига 2 Суиндон Таун
11%
10 Лига 1 Уикомб Уондерерс
10%
3 Лига 2 Порт Вэйл
10%
4 Лига 2 Карлайл Юнайтед
10%
22 Лига 2 Колчестер Юнайтед
10%
13 Лига 1 Эксетер Сити
8%
2 Лига 2 Флитвуд Таун
8%
7 Лига 2 Крю Александра
8%
15 Лига 2 Моркам
8%
21 Лига 1 Стокпорт Каунти
7%
1 Лига 2 Челтэнхэм Таун
6%
24 Лига 2 Бромли
6%
20 Лига 1 Бертон Альбион
5%
23 Лига 1 Мэнсфилд Таун
5%
24 Лига 1 Кроули Таун
5%
8 Лига 2 Барроу
5%
11 Лига 2 Уолсолл
5%
16 Лига 2 Транмир Роверс
5%
12 Лига 2 Джиллингем
5%
9 Лига 1 Стивенейдж
4%
14 Лига 1 Нортхэмптон Таун
4%
13 Лига 2 Харрогейт Таун
4%
No matching quizzes found
Score Distribution
Percent of People with Each Score
Percentile by Number Answered
Your Score History
You have not taken this quiz